• 首页
  • 本馆介绍
  • 公告通知
  • 最新文献
  • 馆藏检索
  • 电子资源
  • 读者导购
  • 参考咨询
  • 我的图书馆
  • 登录
  • 详细信息显示
  • 放入我的书架
  • 预约/预借图书
  • 作者相关作品
  • 分类相关作品
  • 丛书相关作品
  • 出版社相关作品

书目信息

  • 表格格式
  • 工作单格式
  • 卡片格式
题名:
行政法
    
 
作者: 姜明安 著
分册:  
出版信息: 北京   法律出版社  2022.09
页数: 717页
开本: 24cm
丛书名: 姜明安公法著作系列丛书
单 册:
中图分类:
科图分类:
主题词: 行政法--研究--中国 , 法律--中国
电子资源:
ISBN: 978-7-5197-6895-9
000 01165nam 2200337 450
001 2355227175
005 20120619080709.99
010    @a978-7-5197-6895-9@b精装@dCNY188.00
099    @aCAL 012022115085
100    @a20221118d2022 em y0chiy50 ea
101 0  @achi@eeng
102    @aCN@b110000
105    @ay a 000yy
106    @ar
200 1  @a行政法@d= Administrative law@f姜明安著@zeng
205    @a第5版
210    @a北京@c法律出版社@d2022.09
215    @a717页@d24cm
225 2  @a姜明安公法著作系列丛书@v2
314    @a姜明安, 北京大学法学院讲席教授, 博士生导师。
320    @a有书目 (第706-717页)
330    @a本书分四编共25章, 主要内容包括: 我国行政法的历史发展、中国行政法学的历史发展和各国行政法学的主要流派、行政法的法源、行政法的基本原则、行政组织与法治政府建设、行政法主体与行政机关、其他行政主体、行政相对人、行政立法、行政执法等。
410  0 @12001 @a姜明安公法著作系列丛书@v2
510 1  @aAdministrative law@zeng
606 0  @a行政法@x研究@y中国
606 0  @a法律@x中国
690    @a@v5
690    @aD922.101@v4
701  0 @a姜明安@4著
801  0 @aCN@b安徽时代出版发行有限公司@c20221118
905    @dD922.101@e2342
    
    行政法= Administrative law/姜明安著.-第5版.-北京:法律出版社,2022.09
    717页;24cm.-(姜明安公法著作系列丛书;2)
    
    
    ISBN 978-7-5197-6895-9(精装):CNY188.00
    本书分四编共25章, 主要内容包括: 我国行政法的历史发展、中国行政法学的历史发展和各国行政法学的主要流派、行政法的法源、行政法的基本原则、行政组织与法治政府建设、行政法主体与行政机关、其他行政主体、行政相对人、行政立法、行政执法等。
●
相关链接 在E读中查询图书 在五车中查询图书 在当当中查询图书 在豆瓣中查询图书


正题名:行政法     索取号:D922.101/2342         预约/预借

序号 登录号 条形码 馆藏地/架位号 状态 备注
1 1411959   214119595   第一样本阅览室/ [索取号:D922.101/2342] 在馆    
2 1411960   214119602   第一借阅区/ [索取号:D922.101/2342] 在馆    
3 1411961   214119611   第一借阅区/ [索取号:D922.101/2342] 在馆    
唐山师范学院图书馆 欢迎您!
大连网信软件有限公司© 版权所有